000 00940nam a22002417a 4500
005 20150707160311.0
010 _aENG-113178
020 _c595.00
_a9788189766245
035 _aEN-96710
037 _bDBAD/PUB
082 _a362.880820954
100 _aChatterji, Shoma A.
245 _aWomen in perspective :
_cby Shoma A. Chatterji
_bessays on gender issues /
260 _bVitasta Publishing
_c2010
_aNew Delhi
270 _bNew Delhi
_e110002
_a2/15, First Floor, Ansari Road, DaryaGanj,
300 _axvi,226p.
_c23cm(Hb)
500 _aIncludes bibliographical references (p. [217]-226).
505 _apt. 1. Introduction -- pt. 2. Gender and violence -- pt. 3. Women, gender and society -- pt. 4. Women and Indian economy.
650 _aWomen
_xViolence against
_z India.
650 _a Women in development
_zIndia.
650 _aWomen
_zIndia
_xSocial conditions.
942 _2ddc
_cEN
_mCHA
_h362.880820954
999 _c93972
_d93972